000 00355nam a2200145Ia 4500
005 20251222152031.0
008 251222s9999||||xx |||||||||||||| ||spa||
020 _a8497562720
082 _a631.8/C26
100 _aCañal de León, Pedro
245 0 _aLa Nutrición de las Plantas
250 _a1ra.ed.
264 _bSíntesis Educación
942 _cLIB
999 _c25663
_d25663